Android Application Development (Record no. 7035)
[ view plain ]
| 000 -LEADER | |
|---|---|
| fixed length control field | 00281nam a2200121Ia 4500 |
| 008 - FIXED-LENGTH DATA ELEMENTS--GENERAL INFORMATION | |
| fixed length control field | 191201s2018 xx 000 0 und d |
| 100 ## - MAIN ENTRY--PERSONAL NAME | |
| Personal name | BURD, Barry |
| 245 #0 - TITLE STATEMENT | |
| Title | Android Application Development |
| 260 ## - PUBLICATION, DISTRIBUTION, ETC. (IMPRINT) | |
| Name of publisher, distributor, etc | Wiley |
| Date of publication, distribution, etc | 2018 |
| 300 ## - PHYSICAL DESCRIPTION | |
| Extent | 739 |
| 650 ## - SUBJECT ADDED ENTRY--TOPICAL TERM | |
| Topical term or geographic name as entry element | B.Tech(IT) |
| 942 ## - ADDED ENTRY ELEMENTS (KOHA) | |
| Source of classification or shelving scheme | Dewey Decimal Classification |
| Koha item type | Text Books |
| Withdrawn status | Lost status | Source of classification or shelving scheme | Damaged status | Not for loan | Collection code | Home library | Current library | Date acquired | Source of acquisition | Cost, normal purchase price | Bill Number | Total Checkouts | Full call number | Acc. no. / Barcode | Date last seen | Actual Cost, discounted price | Bill Date | Koha item type | Checked out | Date last borrowed |
|---|---|---|---|---|---|---|---|---|---|---|---|---|---|---|---|---|---|---|---|---|
| Dewey Decimal Classification | B.Tech(IT) | PIET C-LIBRARY | PIET C-LIBRARY | 21/07/2020 | Kirti Prakashan | 649.00 | IN 3974 | 005.268 BUA | 31216 | 04/12/2019 | 441.32 | 24/05/2019 | Text Books | |||||||
| Dewey Decimal Classification | B.Tech(IT) | PIET C-LIBRARY | PIET C-LIBRARY | 21/07/2020 | Kirti Prakashan | 649.00 | IN 3974 | 5 | 005.268 BUA | 31217 | 09/05/2026 | 441.32 | 24/05/2019 | Text Books | 25/05/2026 | 09/05/2026 |